| 000 | 00793cam a22002531 4500 | ||
|---|---|---|---|
| 001 | 749486 | ||
| 003 | NUST - PNEC | ||
| 005 | 20170116181054.0 | ||
| 008 | 730529s1959 nyua 000 0 eng | ||
| 010 | _a 58059675 | ||
| 040 |
_aDLC _cLIBRARY _dDLC _dICU |
||
| 050 | 0 | 0 |
_aQA931 _b.T56 1959 |
| 082 | 0 | 0 | _a620.11282 TIM |
| 100 | 1 |
_aTimoshenko, Stephen, _d1878-1972. |
|
| 245 | 0 | 0 |
_aTheory of plates and shells _c[by] S. Timoshenko [and] S. Woinowsky-Krieger. |
| 250 | _a2d ed. | ||
| 260 |
_aNew York, _bMcGraw-Hill, _c1959. |
||
| 300 |
_a580 p. _billus. _c24 cm. |
||
| 490 | 0 | _aEngineering societies monographs | |
| 650 |
_aMechanical engineering _911975 _xME |
||
| 700 | 2 |
_aWoinowsky-Krieger, S., _ejoint author. |
|
| 906 |
_a7 _bcbc _corignew _du _eocip _f19 _gy-gencatlg |
||
| 942 |
_2ddc _cBK |
||
| 999 |
_c68474 _d68474 |
||